000 00350nam a2200133 a 4500
005 20140414132105.0
008 100901s19uu xx 00 eng d
050 _aFIC
_bSt5 2005
100 _aStilton, Geronimo
245 _aThe karate mouse :
_bBook 40.
260 _aNew York :
_bScholastic,
_c2005.
440 _aGeronimo Stilton
999 _c114589
_d114589